00581cam a2200169 i 4500020001500000082001700015100002900032245004300061250001200104260004900116300001300165500013800178650001700316650002900333650002900362650002000391 a091294006900a658.3044 JAM1 aGerberg, Robert Jameson,14aThe professional job changing system : a4th ed. aVerona, N.J. :bPerformance Dynamics,c1975. a210 p. ; aFirst ed. issued by Performance Dynamics, inc., and 2d ed. by R. Jameson, published under title: The professional job hunting system. 0aJob hunting. 0aRésumés (Employment) 0aEmployment interviewing. 0aCareer changes.